[Event "Plzen, FSB C"]
[Site "?"]
[Date "2003.??.??"]
[Round "6.12"]
[White "Vojir jr., V."]
[Black "Strejcek, P."]
[Result "1-0"]
[WhiteElo "1823"]
[BlackElo "1628"]
[PlyCount "105"]
[EventDate "2003.??.??"]
[Source "ChessBase"]
[SourceDate "1996.11.15"]

1. d4 Nf6 2. Bf4 g6 3. c3 Bg7 4. Nf3 O-O 5. Nbd2 d6 6. h3 Nbd7 7. e3 Nh5 8. Bh2
b6 9. Bc4 Bb7 10. O-O Nhf6 11. a4 a5 12. Qe2 Ne4 13. Nxe4 Bxe4 14. Rfd1 Nf6 15.
Ng5 Bc6 16. d5 Bd7 17. f4 h6 18. Nf3 Ne4 19. Nd4 Qe8 20. Nb5 Qc8 21. Qf3 Nc5
22. e4 c6 23. Nd4 cxd5 24. Bxd5 Rb8 25. b3 Ne6 26. Qe3 Nxd4 27. cxd4 Be6 28.
Rac1 Qd7 29. Bc6 Qa7 30. d5 Bc8 31. Rc2 Ba6 32. Rdc1 Rbc8 33. Bg3 Qb8 34. Bf2
b5 35. Qb6 Qxb6 36. Bxb6 bxa4 37. Bxa4 Rxc2 38. Rxc2 Rb8 39. Bxa5 Bd3 40. Rc7
Kf8 41. e5 dxe5 42. Bb4 e4 43. Bxe7+ Kg8 44. Bc5 Rd8 45. d6 e3 46. d7 e2 47.
Bb4 Bd4+ 48. Kh2 Bf6 49. Rc8 Kg7 50. Ba5 Rh8 51. Kg3 Bf5 52. Rxh8 Kxh8 53. Kf2
1-0

[Event "Plzen, FSB C"]
[Site "?"]
[Date "2003.??.??"]
[Round "6.15"]
[White "Koubek, J."]
[Black "Hruby, V."]
[Result "0-1"]
[WhiteElo "1612"]
[BlackElo "1874"]
[PlyCount "76"]
[EventDate "2003.??.??"]
[Source "ChessBase"]
[SourceDate "1996.11.15"]

1. e4 e5 2. Nf3 Nc6 3. Bb5 a6 4. Ba4 b5 5. Bb3 Na5 6. Bxf7+ Kxf7 7. Nxe5+ Ke7
8. Qh5 Qe8 9. Qe2 d6 10. Nf3 Bb7 11. d4 Kd8 12. d5 Nc4 13. Ng5 Bc8 14. f4 h6
15. Nf3 Nf6 16. Nbd2 Nxd2 17. Nxd2 Bg4 18. Qd3 Bf5 19. O-O Bxe4 20. Nxe4 Qxe4
21. Qg3 Qxd5 22. Re1 Qf7 23. Bd2 Be7 24. Re2 Re8 25. Qf3 Qd5 26. Qg3 Bf8 27.
Rxe8+ Kxe8 28. Re1+ Kf7 29. Bc3 Re8 30. Rf1 Ne4 31. Qg4 Nxc3 32. bxc3 Qe6 33.
f5 Qe3+ 34. Kh1 Qg5 35. Qf3 Kg8 36. Qd5+ Kh8 37. Qf7 Qe7 38. Qg6 Rd8 0-1

[Event "Plzen, FSB C"]
[Site "?"]
[Date "2003.??.??"]
[Round "6.16"]
[White "Hava, R."]
[Black "Dvorak, M."]
[Result "1/2-1/2"]
[WhiteElo "1472"]
[BlackElo "1802"]
[PlyCount "77"]
[EventDate "2003.??.??"]
[Source "ChessBase"]
[SourceDate "1996.11.15"]

1. e4 c6 2. c4 d6 3. Nc3 Nf6 4. d4 Nbd7 5. Nf3 g6 6. Be3 Bg7 7. Qd2 Qc7 8. h3
b6 9. Bd3 Bb7 10. O-O e6 11. b4 O-O 12. Bh6 a5 13. b5 c5 14. d5 Rfe8 15. Bxg7
Kxg7 16. Rfe1 Rad8 17. Re2 e5 18. g4 Bc8 19. Qg5 h6 20. Qh4 Rh8 21. Qg3 Rdg8
22. Nh4 Qd8 23. f3 Nh7 24. Rf1 Rf8 25. Ref2 f6 26. f4 Rf7 27. f5 g5 28. Ng6 Rg8
29. Rh2 Nhf8 30. Nxf8 Rfxf8 31. Kg2 Rh8 32. a4 h5 33. Rfh1 Rh7 34. Be2 h4 35.
Qf2 Rfh8 36. Qf3 Nf8 37. Qf2 Bd7 38. Qf3 Be8 39. Bd1 1/2-1/2

[Event "Plzen, FSB C"]
[Site "?"]
[Date "2003.??.??"]
[Round "6.17"]
[White "Neumanova, M."]
[Black "Albrecht, J."]
[Result "0-1"]
[WhiteElo "1346"]
[BlackElo "1695"]
[PlyCount "68"]
[EventDate "2003.??.??"]
[Source "ChessBase"]
[SourceDate "1996.11.15"]

1. d4 d5 2. c4 e6 3. Nc3 Nf6 4. Bg5 Be7 5. Nf3 Nc6 6. e3 h6 7. Bh4 dxc4 8. Bxc4
Nd5 9. Bxe7 Ndxe7 10. O-O O-O 11. Rc1 a6 12. Bb3 Ng6 13. Qe2 Nce7 14. Rfd1 c6
15. e4 Nf4 16. Qe3 g5 17. h4 f6 18. e5 Ned5 19. Nxd5 exd5 20. hxg5 fxg5 21. Nh2
g4 22. Bc2 Qg5 23. Nf1 Be6 24. Ng3 Rf7 25. Ne2 Nxe2+ 26. Qxe2 g3 27. fxg3 Bg4
28. Qd3 Bxd1 29. Rxd1 Raf8 30. b3 Rg7 31. Kh2 h5 32. Re1 h4 33. Re3 Rf2 34. Kg1
Rxc2 0-1

[Event "Plzen, FSB C"]
[Site "?"]
[Date "2003.??.??"]
[Round "6.19"]
[White "Zach, T."]
[Black "Vojir sr., V."]
[Result "0-1"]
[WhiteElo "1729"]
[BlackElo "1645"]
[PlyCount "62"]
[EventDate "2003.??.??"]
[Source "ChessBase"]
[SourceDate "1996.11.15"]

1. e4 c6 2. d4 d5 3. Nc3 dxe4 4. Nxe4 Bf5 5. Ng3 Bg6 6. Nf3 Nd7 7. h4 h6 8. h5
Bh7 9. Bd3 Bxd3 10. Qxd3 e6 11. Bd2 Ngf6 12. O-O-O Qc7 13. c4 O-O-O 14. Qb3 Bd6
15. Ne2 Ng4 16. Be3 Ndf6 17. g3 Ne4 18. Rdf1 Nxe3 19. Qxe3 Nf6 20. Ne5 Bxe5 21.
Qxe5 Qxe5 22. dxe5 Ng4 23. Rh4 Nxe5 24. b3 Rd7 25. Rd4 Rhd8 26. Rfd1 Rxd4 27.
Rxd4 Nd3+ 28. Kd2 Rxd4 29. Nxd4 Nxf2 30. Ke3 Ng4+ 31. Kf4 Nf6 0-1

[Event "Plzen, FSB C"]
[Site "?"]
[Date "2003.??.??"]
[Round "6.20"]
[White "Kotesovec, D."]
[Black "Pekar, F."]
[Result "0-1"]
[WhiteElo "1555"]
[BlackElo "1889"]
[PlyCount "66"]
[EventDate "2003.??.??"]
[Source "ChessBase"]
[SourceDate "1996.11.15"]

1. e4 c5 2. Nf3 d6 3. d4 cxd4 4. Nxd4 Nf6 5. Nc3 a6 6. Bd3 e6 7. O-O Nbd7 8.
Nb3 b5 9. a3 Bb7 10. Re1 Rc8 11. Be3 Be7 12. f4 Qc7 13. Rf1 O-O 14. Rc1 Rfd8
15. Qf3 Nf8 16. Kh1 d5 17. exd5 exd5 18. Bd4 Ne8 19. Rce1 Ne6 20. Rxe6 fxe6 21.
Qh5 Nf6 22. Bxf6 Bxf6 23. Qxh7+ Kf8 24. Kg1 Ke7 25. Qg6 Rh8 26. h3 Rh6 27. Qg4
Bxc3 28. bxc3 Qxc3 29. f5 Rf8 30. Nd4 Rhf6 31. Qxg7+ R8f7 32. Qg4 e5 33. Qe2
Qxd4+ 0-1

[Event "Plzen, FSB C"]
[Site "?"]
[Date "2003.??.??"]
[Round "6.22"]
[White "Dostal, K."]
[Black "Wadura, R."]
[Result "1-0"]
[WhiteElo "1415"]
[BlackElo "1635"]
[PlyCount "55"]
[EventDate "2003.??.??"]
[Source "ChessBase"]
[SourceDate "1996.11.15"]

1. e4 c5 2. Nf3 Nc6 3. d4 cxd4 4. Nxd4 g6 5. Be3 Bg7 6. Bc4 Nf6 7. Nc3 O-O 8.
O-O d6 9. h3 a6 10. a3 Bd7 11. Qd2 Rc8 12. Bb3 Qa5 13. Nde2 Qc7 14. f3 Na5 15.
Ba2 Nc4 16. Bxc4 Qxc4 17. Rad1 Bb5 18. Nd4 Nd7 19. Ncxb5 axb5 20. c3 Nc5 21.
Qc2 Na4 22. Ne2 Qa2 23. Rd2 Nb6 24. Bxb6 Rc6 25. Bd4 Bh6 26. f4 e5 27. Be3 Rc4
28. Nc1 1-0

[Event "Plzen, FSB C"]
[Site "?"]
[Date "2003.??.??"]
[Round "6.23"]
[White "Kanka, J."]
[Black "Bolek, M."]
[Result "0-1"]
[WhiteElo "1654"]
[BlackElo "1524"]
[PlyCount "116"]
[EventDate "2003.??.??"]
[Source "ChessBase"]
[SourceDate "1996.11.15"]

1. b4 e5 2. Bb2 d6 3. e3 Be6 4. c4 Nf6 5. Nf3 h6 6. d4 e4 7. Nfd2 d5 8. c5 Be7
9. Bb5+ c6 10. Be2 O-O 11. b5 b6 12. cxb6 axb6 13. a4 cxb5 14. Nc3 bxa4 15.
Rxa4 Nbd7 16. O-O Qc7 17. Nb5 Qb7 18. Rxa8 Rxa8 19. Qb3 Nf8 20. Rc1 Rc8 21.
Rxc8 Qxc8 22. Ba3 Bxa3 23. Qxa3 Qc2 24. Qb4 Qc1+ 25. Nf1 Qa1 26. Nc7 Qa5 27.
Qb1 Bd7 28. h3 Ne6 29. Nxe6 Bxe6 30. Qc1 b5 31. Nd2 b4 32. Nb3 Qa2 33. Bd1 Bd7
34. Nc5 Bb5 35. Bb3 Qe2 36. Qc2 Qxc2 37. Bxc2 Nd7 38. Nxd7 Bxd7 39. Bb3 Bc6 40.
Kf1 Kf8 41. Ke1 Ke7 42. Kd2 Kd6 43. f3 f5 44. fxe4 fxe4 45. Kc2 Bb5 46. Kb2 Bf1
47. Bd1 Bxg2 48. Bg4 Bf3 49. Bf5 Bh5 50. Kb3 Bf7 51. Kxb4 Be6 52. Bg4 Bxg4 53.
hxg4 g6 54. Kc3 Ke6 55. Kd2 Kf6 56. Ke2 Kg5 57. Kf2 Kxg4 58. Kg2 g5 0-1

[Event "Plzen, FSB C"]
[Site "?"]
[Date "2003.??.??"]
[Round "6.24"]
[White "Kracik, M."]
[Black "Mede, M."]
[Result "1-0"]
[WhiteElo "1438"]
[BlackElo "1509"]
[PlyCount "53"]
[EventDate "2003.??.??"]
[Source "ChessBase"]
[SourceDate "1996.11.15"]

1. e4 e5 2. Nf3 Nf6 3. Nc3 Bb4 4. d3 Nc6 5. a3 Ba5 6. b4 Bb6 7. Na4 d5 8. exd5
Nxd5 9. c4 Ndxb4 10. axb4 Nxb4 11. Nxb6 cxb6 12. Ba3 Na6 13. Nxe5 Qd4 14. Qa4+
Bd7 15. Qxd7+ Qxd7 16. Nxd7 Kxd7 17. Kd2 Nc5 18. Bxc5 bxc5 19. g3 Rhd8 20. Bg2
Kc7 21. Rhe1 Rd7 22. Re5 Rad8 23. Rxc5+ Kb8 24. Rd5 b6 25. Rxd7 Rxd7 26. Bc6
Rd6 27. Bb5 1-0

[Event "Plzen, FSB C"]
[Site "?"]
[Date "2003.??.??"]
[Round "7.1"]
[White "Tichy, S."]
[Black "Mrnka, J."]
[Result "1-0"]
[WhiteElo "1852"]
[BlackElo "1908"]
[PlyCount "49"]
[EventDate "2003.??.??"]
[Source "ChessBase"]
[SourceDate "1996.11.15"]

1. Nf3 c5 2. g3 d5 3. d4 Nc6 4. Bg2 Bg4 5. c3 e6 6. O-O Bxf3 7. Bxf3 cxd4 8.
cxd4 Qb6 9. e3 Nf6 10. Nc3 Be7 11. Na4 Qd8 12. Bd2 O-O 13. Rc1 Rc8 14. Qb3 b6
15. Rc2 Nb8 16. Rfc1 Qd7 17. Nc3 Rc4 18. a3 Rfc8 19. Be2 R4c7 20. Bb5 Qd6 21.
e4 Qd8 22. Bf4 Rb7 23. Nxd5 Rxc2 24. Nxe7+ Rxe7 25. Qxc2 1-0

[Event "Plzen, FSB C"]
[Site "?"]
[Date "2003.??.??"]
[Round "7.2"]
[White "Lexa, J."]
[Black "Vevera, R."]
[Result "1-0"]
[WhiteElo "1842"]
[BlackElo "1977"]
[PlyCount "27"]
[EventDate "2003.??.??"]
[Source "ChessBase"]
[SourceDate "1996.11.15"]

1. Nf3 c5 2. g3 Nc6 3. Bg2 d5 4. O-O e5 5. d3 Nf6 6. e4 dxe4 7. dxe4 Qxd1 8.
Rxd1 Nd4 9. Na3 Bg4 10. Rd3 Bxf3 11. Bxf3 Bd6 12. Bg2 Ne2+ 13. Kf1 Nxc1 14.
Rxd6 1-0

[Event "Plzen, FSB C"]
[Site "?"]
[Date "2003.??.??"]
[Round "7.3"]
[White "Hava, J."]
[Black "Vrana, P."]
[Result "0-1"]
[WhiteElo "1861"]
[BlackElo "1885"]
[PlyCount "82"]
[EventDate "2003.??.??"]
[Source "ChessBase"]
[SourceDate "1996.11.15"]

1. e4 e5 2. Nf3 Nc6 3. Bc4 Nf6 4. Ng5 Bc5 5. Bxf7+ Ke7 6. Bb3 Rf8 7. O-O d6 8.
d3 Bg4 9. Nf3 Nd4 10. Bg5 Nxf3+ 11. gxf3 Bh3 12. Kh1 Bxf1 13. Qxf1 Qd7 14. Nd2
Rae8 15. Qe2 Kd8 16. Rg1 Kc8 17. Bxf6 Rxf6 18. c3 Kb8 19. Rg3 c6 20. c4 h6 21.
Nf1 g5 22. Ne3 Bxe3 23. fxe3 Ref8 24. Kg2 Rg6 25. h3 Qc7 26. Kh2 Rgf6 27. Kg2
Qa5 28. Kf2 Qb4 29. Qc2 h5 30. Qe2 a5 31. Rxg5 a4 32. Bd1 Rxf3+ 33. Qxf3 Qxb2+
34. Kg3 Rxf3+ 35. Bxf3 Qxa2 36. Rxh5 Qd2 37. Rh8+ Ka7 38. h4 a3 39. c5 dxc5 40.
d4 a2 41. dxe5 Qxe3 0-1

[Event "Plzen, FSB C"]
[Site "?"]
[Date "2003.??.??"]
[Round "7.4"]
[White "Nathansky, D."]
[Black "Vrkota, M."]
[Result "1/2-1/2"]
[WhiteElo "1792"]
[BlackElo "1870"]
[PlyCount "31"]
[EventDate "2003.??.??"]
[Source "ChessBase"]
[SourceDate "1996.11.15"]

1. e4 c6 2. Nc3 d5 3. Nf3 Bg4 4. h3 Bxf3 5. Qxf3 dxe4 6. Nxe4 Nd7 7. d4 Ngf6 8.
Nxf6+ Nxf6 9. c3 e6 10. Bf4 Be7 11. Bd3 Qd5 12. Qxd5 Nxd5 13. Be5 Bf6 14. Bxf6
Nxf6 15. O-O-O O-O 16. Rhf1 1/2-1/2

[Event "Plzen, FSB C"]
[Site "?"]
[Date "2003.??.??"]
[Round "7.5"]
[White "Vlk, M."]
[Black "Lener, J."]
[Result "1/2-1/2"]
[WhiteElo "1840"]
[BlackElo "1823"]
[PlyCount "107"]
[EventDate "2003.??.??"]
[Source "ChessBase"]
[SourceDate "1996.11.15"]

1. c4 Nf6 2. Nc3 g6 3. g3 Bg7 4. Bg2 c6 5. Nf3 O-O 6. O-O d6 7. d4 Bg4 8. h3
Be6 9. b3 d5 10. cxd5 Nxd5 11. Bb2 h6 12. e4 Nxc3 13. Bxc3 Na6 14. Qc2 Nc7 15.
Rad1 Qc8 16. Kh2 Nb5 17. Bb2 Rd8 18. Rd2 Qc7 19. Rfd1 Rac8 20. Ng1 Bd7 21. Ne2
Kf8 22. Nf4 h5 23. a4 Nd6 24. Nd3 Qb8 25. Nc5 Kg8 26. f4 e6 27. Qd3 Qc7 28. Rc2
Be8 29. e5 Nf5 30. Ne4 Ne7 31. Nd6 Ra8 32. b4 Nc8 33. Ne4 Nb6 34. Qb3 Nd5 35.
Rdc1 Bf8 36. b5 Qb6 37. Bf1 a6 38. Bc4 Be7 39. bxc6 Qxb3 40. Bxb3 Bxc6 41. Nc5
Bxc5 42. Rxc5 Kf8 43. Kg1 Ke8 44. Kf2 Nb6 45. Ra1 Nd5 46. a5 Nc7 47. Ba4 Nb5
48. Bxb5 Bxb5 49. Rc7 Rd7 50. Rxd7 Kxd7 51. Ba3 Rc8 52. Bc5 Bc6 53. Ke3 Rh8 54.
h4 1/2-1/2

[Event "Plzen, FSB C"]
[Site "?"]
[Date "2003.??.??"]
[Round "7.6"]
[White "Kral, P."]
[Black "Pokomandy, M."]
[Result "1-0"]
[WhiteElo "1828"]
[BlackElo "1754"]
[PlyCount "85"]
[EventDate "2003.??.??"]
[Source "ChessBase"]
[SourceDate "1996.11.15"]

1. d4 Nf6 2. c4 e6 3. Nf3 d5 4. Nc3 Be7 5. Bg5 Nbd7 6. e3 h6 7. Bh4 O-O 8. Bd3
b6 9. O-O Bb7 10. Rc1 dxc4 11. Bxc4 c5 12. Re1 Rc8 13. Be2 Ne4 14. Bxe7 Qxe7
15. Nxe4 Bxe4 16. Nd2 Bb7 17. Bf3 Bxf3 18. Nxf3 Rfd8 19. Qa4 Rc7 20. Rc2 Rdc8
21. Rec1 Qd8 22. a3 cxd4 23. Nxd4 Nc5 24. Qc4 Qd5 25. Qxd5 exd5 26. Nb5 Rd7 27.
b4 a6 28. Nd4 Rdc7 29. bxc5 bxc5 30. f3 Kf8 31. e4 dxe4 32. fxe4 g6 33. Kf2 Ke7
34. Kf3 Kd6 35. Nb3 f6 36. Rc4 Rc6 37. Rd1+ Ke6 38. Kf4 g5+ 39. Kg4 h5+ 40.
Kxh5 Rh8+ 41. Kg4 Rxh2 42. Kg3 Rh8 43. Nd4+ 1-0

[Event "Plzen, FSB C"]
[Site "?"]
[Date "2003.??.??"]
[Round "7.7"]
[White "Rouc, M."]
[Black "Soukup, A."]
[Result "0-1"]
[WhiteElo "1793"]
[BlackElo "1943"]
[PlyCount "58"]
[EventDate "2003.??.??"]
[Source "ChessBase"]
[SourceDate "1996.11.15"]

1. e4 c5 2. Nf3 Nc6 3. d4 cxd4 4. Nxd4 g6 5. Be2 Bg7 6. Nb3 Nf6 7. Nc3 d6 8.
O-O O-O 9. Kh1 b6 10. f4 Bb7 11. Be3 Nd7 12. Bf3 Rc8 13. Qd2 Nc5 14. Bg4 Bxc3
15. bxc3 Nxe4 16. Qd3 f5 17. Bf3 Nf6 18. Nd4 Qd7 19. Rae1 e5 20. fxe5 dxe5 21.
Qc4+ Qf7 22. Qxf7+ Kxf7 23. Nb5 Rcd8 24. Rd1 e4 25. Nd6+ Rxd6 26. Rxd6 exf3 27.
Bg5 fxg2+ 28. Kxg2 Ne5+ 29. Kh3 Ne4 0-1

[Event "Plzen, FSB C"]
[Site "?"]
[Date "2003.??.??"]
[Round "7.8"]
[White "Baborovsky, J."]
[Black "Pechat, J."]
[Result "1-0"]
[WhiteElo "1862"]
[BlackElo "1758"]
[PlyCount "67"]
[EventDate "2003.??.??"]
[Source "ChessBase"]
[SourceDate "1996.11.15"]

1. e4 c5 2. Nf3 d6 3. d4 cxd4 4. Nxd4 Nf6 5. Nc3 Nc6 6. Bb5 Bd7 7. O-O g6 8. f4
Qc7 9. Be3 Bg7 10. h3 O-O 11. Nf3 a6 12. Ba4 b5 13. Bb3 e6 14. a3 Rfd8 15. Qd2
Na5 16. Rad1 Bc6 17. Qf2 Rab8 18. e5 Bxf3 19. Qxf3 dxe5 20. Rxd8+ Qxd8 21. fxe5
Nxb3 22. exf6 Nd4 23. Qf2 Bxf6 24. Qxf6 Qxf6 25. Rxf6 Nxc2 26. Bh6 b4 27. Ne4
bxa3 28. bxa3 Rc8 29. Ng5 Ne3 30. g4 Rc1+ 31. Kh2 Rf1 32. Ne4 Rxf6 33. Nxf6+
Kh8 34. Bxe3 1-0

[Event "Plzen, FSB C"]
[Site "?"]
[Date "2003.??.??"]
[Round "7.9"]
[White "Bartonicek jr., Z."]
[Black "Vojir jr., V."]
[Result "1-0"]
[WhiteElo "1750"]
[BlackElo "1823"]
[PlyCount "107"]
[EventDate "2003.??.??"]
[Source "ChessBase"]
[SourceDate "1996.11.15"]

1. d4 c6 2. c4 d5 3. Nc3 Nf6 4. Bf4 e6 5. h3 Nbd7 6. e3 Qb6 7. Qc2 g6 8. Nf3
Ne4 9. c5 Qa5 10. Bd3 Ndf6 11. O-O Nxc3 12. bxc3 Bg7 13. Rfb1 O-O 14. Bd6 Re8
15. Rb4 b5 16. cxb6 axb6 17. Ne5 Ba6 18. Nxc6 Bxd3 19. Qxd3 Qa6 20. Qxa6 Rxa6
21. Rb5 Nd7 22. Kf1 Bf8 23. Bxf8 Kxf8 24. Rb3 Rc8 25. Nb4 Ra4 26. Ke2 Ke7 27.
Kd3 Kd6 28. a3 f5 29. Rab1 Rca8 30. Nc2 Rc8 31. Rb4 Ra7 32. R4b3 Ra4 33. Ra1
Rc7 34. Rb4 Ra8 35. a4 Rac8 36. Rb3 Ra8 37. Na3 Ke7 38. Nb5 Rc4 39. Rb4 Rc6 40.
c4 Ra5 41. cxd5 exd5 42. Nc3 Ke6 43. Rb5 Rd6 44. Rab1 h5 45. Rxa5 bxa5 46. Rb5
Nb6 47. Rxa5 Rc6 48. Rc5 Rd6 49. a5 Nd7 50. Rb5 g5 51. Na4 Kf6 52. Nc5 h4 53.
Rb7 Ke7 54. a6 1-0

[Event "Plzen, FSB C"]
[Site "?"]
[Date "2003.??.??"]
[Round "7.10"]
[White "Kral, P."]
[Black "Hadac, P."]
[Result "1-0"]
[WhiteElo "1773"]
[BlackElo "1744"]
[PlyCount "63"]
[EventDate "2003.??.??"]
[Source "ChessBase"]
[SourceDate "1996.11.15"]

1. e4 d5 2. exd5 Nf6 3. d4 Nxd5 4. c4 Nb6 5. Nf3 Bg4 6. c5 Nd5 7. Qb3 Bc8 8.
Bc4 c6 9. Nc3 e6 10. O-O Be7 11. a3 O-O 12. Qd1 b6 13. cxb6 axb6 14. Nxd5 exd5
15. Bb3 Bf5 16. Bf4 Nd7 17. Ne5 Rc8 18. Rc1 Nb8 19. Qd2 Kh8 20. Rfe1 h6 21. Qe2
Bg5 22. Bxg5 Qxg5 23. Qe3 Qd8 24. Qf3 Be6 25. Qg3 Qf6 26. Re3 c5 27. Rf3 Qe7
28. Re1 g5 29. Ng4 cxd4 30. Nxh6 Qc7 31. Qxc7 Rxc7 32. Rxe6 1-0

[Event "Plzen, FSB C"]
[Site "?"]
[Date "2003.??.??"]
[Round "7.11"]
[White "Hruby, V."]
[Black "Pasek, M."]
[Result "0-1"]
[WhiteElo "1874"]
[BlackElo "1669"]
[PlyCount "86"]
[EventDate "2003.??.??"]
[Source "ChessBase"]
[SourceDate "1996.11.15"]

1. Nf3 Nf6 2. d4 g6 3. c4 Bg7 4. Nc3 d6 5. g3 c6 6. Bg2 Nbd7 7. O-O O-O 8. e4
e5 9. b3 Qc7 10. Bb2 a6 11. Rc1 c5 12. dxe5 dxe5 13. Qe2 Nb6 14. h3 Re8 15.
Rcd1 Be6 16. Nd5 Bxd5 17. exd5 Nfd7 18. Rfe1 Rad8 19. Qc2 f6 20. Nh2 Nc8 21. h4
Nd6 22. Bh3 Nf8 23. Bc1 b6 24. Be3 Re7 25. Qc1 Rde8 26. Bh6 f5 27. Bxg7 Kxg7
28. Qb2 Kg8 29. Re3 Nd7 30. Rde1 Nf7 31. Bg2 Qd6 32. Qa3 a5 33. Nf3 e4 34. Nd2
Nfe5 35. Bf1 Nf6 36. Be2 h6 37. Rd1 Neg4 38. Bxg4 Nxg4 39. Re2 e3 40. fxe3
Qxg3+ 41. Rg2 Qxe3+ 42. Kf1 Qf4+ 43. Kg1 Re1+ 0-1

[Event "Plzen, FSB C"]
[Site "?"]
[Date "2003.??.??"]
[Round "7.12"]
[White "Vojir sr., V."]
[Black "Soutner, J."]
[Result "0-1"]
[WhiteElo "1645"]
[BlackElo "1695"]
[PlyCount "58"]
[EventDate "2003.??.??"]
[Source "ChessBase"]
[SourceDate "1996.11.15"]

1. d4 Nf6 2. c4 e6 3. Nf3 d5 4. Nc3 c5 5. e3 Nc6 6. Be2 dxc4 7. Bxc4 cxd4 8.
Nxd4 Nxd4 9. Qxd4 Qxd4 10. exd4 a6 11. a3 b5 12. Be2 Bb7 13. O-O Be7 14. Be3
O-O 15. Rad1 Rfd8 16. f3 Nd5 17. Nxd5 Bxd5 18. Rc1 Rac8 19. Rxc8 Rxc8 20. Rc1
Rxc1+ 21. Bxc1 Bf6 22. Be3 Kf8 23. f4 Ke7 24. Kf2 Kd6 25. a4 Bc4 26. axb5 Bxb5
27. Bxb5 axb5 28. b4 Kd5 29. Ke2 Bxd4 0-1

[Event "Plzen, FSB C"]
[Site "?"]
[Date "2003.??.??"]
[Round "7.14"]
[White "Albrecht, J."]
[Black "Machalek, M."]
[Result "1-0"]
[WhiteElo "1695"]
[BlackElo "1662"]
[PlyCount "71"]
[EventDate "2003.??.??"]
[Source "ChessBase"]
[SourceDate "1996.11.15"]

1. e4 e5 2. Nf3 Nf6 3. d3 Nc6 4. c4 d6 5. h3 Be7 6. Nc3 Bd7 7. Be2 O-O 8. O-O
Re8 9. Be3 a6 10. Nh2 Nd4 11. Bxd4 exd4 12. Nd5 Nxd5 13. cxd5 c5 14. Bg4 Bf6
15. Bxd7 Qxd7 16. Ng4 Bd8 17. Qf3 h5 18. Nh2 g6 19. Qg3 Bf6 20. f4 Qe7 21. Nf3
Kh7 22. Rae1 Qd8 23. e5 Be7 24. e6 f6 25. Nh4 Rg8 26. Qf3 Qe8 27. f5 g5 28. Ng6
Rxg6 29. fxg6+ Kxg6 30. Re4 a5 31. h4 g4 32. Qf5+ Kg7 33. Rff4 Qh8 34. Rxg4+
hxg4 35. Rxg4+ Kf8 36. Qg6 1-0

[Event "Plzen, FSB C"]
[Site "?"]
[Date "2003.??.??"]
[Round "7.15"]
[White "Pekar, F."]
[Black "Stanek, V."]
[Result "0-1"]
[WhiteElo "1889"]
[BlackElo "1635"]
[PlyCount "120"]
[EventDate "2003.??.??"]
[Source "ChessBase"]
[SourceDate "1996.11.15"]

1. b3 Nf6 2. Bb2 d5 3. e3 c5 4. g3 Nc6 5. Bg2 e5 6. d3 Be7 7. Ne2 Bg4 8. Nd2
O-O 9. h3 Bh5 10. g4 Bg6 11. O-O Qc7 12. Ng3 h6 13. a3 Rad8 14. Qe2 Rfe8 15. c3
b5 16. e4 d4 17. c4 a6 18. Rac1 Qb6 19. Rb1 Na5 20. Ba1 b4 21. a4 Qc7 22. Bb2
Nh7 23. Bc1 Bh4 24. Nf3 Bxg3 25. fxg3 f6 26. h4 Qe7 27. Nh2 Rf8 28. Bd2 Nb7 29.
Rb2 Nd6 30. Qd1 Bf7 31. Qc1 Be6 32. Qd1 Nf7 33. Bc1 Rc8 34. Rbf2 Qd7 35. Bf3
Rc7 36. Kg2 Rb7 37. Rh1 Qc8 38. Bd2 Rc7 39. Qc1 Ra7 40. Rg1 Rc7 41. Qf1 Ra7 42.
Qe2 Rc7 43. Kh1 Ra7 44. Bg2 Rc7 45. Rgf1 Re7 46. Bf3 Rc7 47. Qe1 Re7 48. Qe2
Rc7 49. Kg2 Re7 50. Rh1 Rc7 51. Nf1 a5 52. Kg1 Re7 53. Rfh2 Rc7 54. Rf2 Qd8 55.
Nh2 Ra7 56. Kg2 Rc7 57. Rhf1 Ra7 58. Kg1 Rc7 59. Bg2 Qd7 60. Qd1 Rfc8 0-1

[Event "Plzen, FSB C"]
[Site "?"]
[Date "2003.??.??"]
[Round "7.16"]
[White "Dvorak, M."]
[Black "Dostal, K."]
[Result "1-0"]
[WhiteElo "1802"]
[BlackElo "1415"]
[PlyCount "73"]
[EventDate "2003.??.??"]
[Source "ChessBase"]
[SourceDate "1996.11.15"]

1. e4 e5 2. Nf3 Nc6 3. Bb5 a6 4. Ba4 Nf6 5. O-O b5 6. Bb3 Be7 7. c3 d6 8. d3
O-O 9. Bg5 Be6 10. Bc2 Nb8 11. a4 Nbd7 12. b4 c5 13. h3 cxb4 14. d4 exd4 15.
cxb4 Bc4 16. Re1 Ne5 17. Nxd4 Rc8 18. Na3 Nfd7 19. Be3 Nb6 20. axb5 axb5 21.
Naxb5 d5 22. Qd2 Bxb5 23. Nxb5 Nec4 24. Qd3 Bxb4 25. exd5 g6 26. Bh6 Bxe1 27.
Rxe1 Re8 28. Rd1 Rc5 29. Qd4 Re5 30. Qxc5 f6 31. Bb3 Na5 32. Ba2 Nb7 33. d6+
Kh8 34. Qc6 Na5 35. Qc7 Qxc7 36. dxc7 Nc6 37. Rd8+ 1-0

[Event "Plzen, FSB C"]
[Site "?"]
[Date "2003.??.??"]
[Round "7.17"]
[White "Strejcek, P."]
[Black "Fairaisl, D."]
[Result "1/2-1/2"]
[WhiteElo "1628"]
[BlackElo "1699"]
[PlyCount "79"]
[EventDate "2003.??.??"]
[Source "ChessBase"]
[SourceDate "1996.11.15"]

1. d4 Nf6 2. c4 g6 3. Nc3 Bg7 4. e4 d6 5. f3 O-O 6. Be3 b6 7. Bd3 Nbd7 8. Nge2
c5 9. Bc2 cxd4 10. Bxd4 Nc5 11. Qd2 Be6 12. b3 Qd7 13. O-O a6 14. Nf4 Rfb8 15.
Ncd5 Bxd5 16. Nxd5 Ne8 17. Bxg7 Nxg7 18. Qg5 Ra7 19. e5 Nce6 20. Qe3 Rab7 21.
Rad1 Nc7 22. exd6 Nxd5 23. Rxd5 exd6 24. Rfd1 Ne8 25. f4 Qe6 26. Re1 Qxe3+ 27.
Rxe3 Kf8 28. Rd1 Re7 29. Rde1 Rxe3 30. Rxe3 b5 31. cxb5 axb5 32. b4 Nc7 33. Rd3
Ke7 34. Bb3 Ne6 35. g3 Rc8 36. Rd5 Nc7 37. Rd2 Na6 38. Rd5 Rb8 39. a3 Nc7 40.
Rd3 1/2-1/2

[Event "Plzen, FSB C"]
[Site "?"]
[Date "2003.??.??"]
[Round "7.19"]
[White "Koubek, J."]
[Black "Hava, R."]
[Result "1/2-1/2"]
[WhiteElo "1612"]
[BlackElo "1472"]
[PlyCount "53"]
[EventDate "2003.??.??"]
[Source "ChessBase"]
[SourceDate "1996.11.15"]

1. e4 e5 2. Nf3 Nf6 3. Nc3 Bb4 4. d3 Bxc3+ 5. bxc3 Nc6 6. Be2 d6 7. O-O Bg4 8.
Bg5 h6 9. Bh4 g5 10. Bg3 Nh5 11. Nd2 Bxe2 12. Qxe2 Nf4 13. Qe3 h5 14. h3 Qf6
15. Rfe1 g4 16. h4 Ng6 17. Rf1 Nxh4 18. f4 gxf3 19. Nxf3 Nxf3+ 20. Rxf3 Qg6 21.
Raf1 h4 22. Bh2 Rg8 23. Qf2 Rg7 24. Rf6 Qh5 25. Rf5 Qg6 26. Rf6 Qh5 27. Rf5
1/2-1/2

[Event "Plzen, FSB C"]
[Site "?"]
[Date "2003.??.??"]
[Round "7.22"]
[White "Zach, T."]
[Black "Kotesovec, D."]
[Result "1-0"]
[WhiteElo "1729"]
[BlackElo "1555"]
[PlyCount "95"]
[EventDate "2003.??.??"]
[Source "ChessBase"]
[SourceDate "1996.11.15"]

1. b4 e5 2. Bb2 d6 3. c4 Nf6 4. d3 Be7 5. e4 O-O 6. Nc3 Nc6 7. a3 Nd4 8. Nd5
Nxd5 9. cxd5 f5 10. Bxd4 exd4 11. Nf3 fxe4 12. dxe4 Bg4 13. Be2 Bxf3 14. Bxf3
Bf6 15. Rc1 Qe7 16. O-O Be5 17. g3 Rf6 18. Bg2 Rh6 19. f4 Bf6 20. Qg4 g5 21. h4
Bg7 22. hxg5 Rg6 23. Qh5 Rf8 24. Rce1 c6 25. Bh3 d3 26. Bf5 Bd4+ 27. Kg2 Rg7
28. Rh1 d2 29. Rd1 Rxf5 30. exf5 Qe4+ 31. Qf3 Qxf5 32. Rxd2 Bb6 33. Re1 cxd5
34. Qxd5+ Qxd5+ 35. Rxd5 Rd7 36. Re6 Bc7 37. f5 Kf7 38. Rh6 Kg8 39. Kf3 Rg7 40.
Kf4 Re7 41. Re6 Rd7 42. f6 Kf7 43. Kf5 Kf8 44. Rd1 d5 45. Rde1 Bxg3 46. Re8+
Kf7 47. R1e7+ Rxe7 48. Rxe7+ 1-0

[Event "Plzen, FSB C"]
[Site "?"]
[Date "2003.??.??"]
[Round "7.23"]
[White "Wadura, R."]
[Black "Kracik, M."]
[Result "1-0"]
[WhiteElo "1635"]
[BlackElo "1438"]
[PlyCount "63"]
[EventDate "2003.??.??"]
[Source "ChessBase"]
[SourceDate "1996.11.15"]

1. d4 d5 2. c4 e6 3. Nc3 Nf6 4. Bg5 Be7 5. Nf3 O-O 6. cxd5 Nxd5 7. Bxe7 Qxe7 8.
e4 Nxc3 9. bxc3 c6 10. Bd3 b6 11. O-O Nd7 12. e5 Bb7 13. Be4 Rfb8 14. Qc2 h6
15. Bd3 c5 16. Nd2 cxd4 17. cxd4 Rc8 18. Qb3 Bxg2 19. Kxg2 Qg5+ 20. Kh1 Qxd2
21. Rad1 Qf4 22. f3 Rc7 23. Ba6 Rd8 24. Rg1 Nb8 25. Rg4 Qxg4 26. fxg4 Nxa6 27.
d5 Nc5 28. Qe3 Rf8 29. g5 hxg5 30. Qxg5 Ne4 31. Qh4 f6 32. Qxe4 1-0